000 00490nam a2200193Ia 4500
005 20250326141217.0
008 250326s9999 xx 000 0 und d
037 _aTextbook
040 _aFMSL
_beng
_cFMSL
041 _aeng
_2eng
084 _qFMSL
100 _aCooper D R
_9743950
245 0 _aBusiness research methods
_cCooper D R; Emory C W
250 _a5 th ed
260 _aCHICAGO
_bCHICAGO, Irwin
_c1995
300 _a700p
942 _cTB
999 _c1289235
_d1289235